000 00351nam a2200133Ia 4500
008 151001s9999||||xx |||||||||||||| ||und||
100 _aनरेंद्र जाधव
245 _aभयशुन्य चित्त जेथे
250 _a2
260 _bग्रंथाली
260 _c2011
300 _a442
365 _b24
999 _c1000463
_d1000460